000
00279nam a2200085Ia 4500
008
220120s9999||||xx |||||||||||||| ||und||
100
_a
Roopa M and Shaheer Vaqhas
_9
12193
245
0
_a
Data acquisition system using GSM modem
260
_a
Coorg Institute of Technology
_b
Ponnampet
_c
2009
999
_c
137779
_d
137779